LIBRARY & INFORMATION CENTRE, KCAET, TAVANUR

ONLINE PUBLIC ACCESS CATALOGUE (OPAC)

Extension strategy for agricultural development in 21st century / (Record no. 9388)

MARC details
000 -LEADER
fixed length control field 00486cam a2200181ua 4500
020 ## - INTERNATIONAL STANDARD BOOK NUMBER
ISBN 81 7099 516 7
041 ## - LANGUAGE CODE
Language code of text/sound track or separate title eng
082 ## - DEWEY DECIMAL CLASSIFICATION NUMBER
Classification number 630.7
Item number SAM/EX
100 ## - MAIN ENTRY--AUTHOR NAME
Personal name Samanta, R K .
245 ## - TITLE STATEMENT
Title Extension strategy for agricultural development in 21st century /
250 ## - EDITION STATEMENT
Edition statement 1 /
260 ## - PUBLICATION, DISTRIBUTION, ETC. (IMPRINT)
Place of publication :
Name of publisher Mittal Publications ,
Year of publication 1993.
300 ## - PHYSICAL DESCRIPTION
Number of Pages 27 ; .
942 ## - ADDED ENTRY ELEMENTS (KOHA)
Koha item type Books
Holdings
Withdrawn status Lost status Damaged status Home library Current library Date acquired Full call number Accession Number Koha item type
      KAUAET KAUAET 07/04/2012 630.7 18695 Books
free website counter